| 000 | 00519nam a2200193Ia 4500 | ||
|---|---|---|---|
| 003 | OSt | ||
| 005 | 20260226164514.0 | ||
| 008 | 210210b1964 xxu||||| |||| 00| 0 eng d | ||
| 040 | _cAL | ||
| 041 | _aHindi | ||
| 082 | _a861/70 | ||
| 100 |
_aGUPTA (Maithilisharan) _dगुप्ता (मैथिलिश्रन) _9256942 |
||
| 245 |
_aHindu _b हिंदू |
||
| 260 |
_aChirganv _bSahity Sadhan _c1964 |
||
| 650 |
_aHindu _9256943 |
||
| 690 |
_aHindi Poetry _9256944 |
||
| 906 | _a023091 | ||
| 942 |
_2ddc _cBK |
||
| 999 |
_c147984 _d147984 |
||